| 000 | 00349nam a2200145Ia 4500 | ||
|---|---|---|---|
| 008 | 240729s9999 xx 000 0 und d | ||
| 022 | _a2215-0161 | ||
| 245 | 0 | _aMethodsX | |
| 260 | _aNetherlands | ||
| 260 | _bElsevier | ||
| 650 | _aScience | ||
| 856 | _uhttps://doaj.org/toc/16239e5b208d4917bd8b5838c443efda | ||
| 942 | _2ddc | ||
| 942 | _cDOAJEJ | ||
| 999 |
_c71483 _d71483 |
||
| 945 |
_a1 _bMadushi Gamage _c1 _dMadushi Gamage |
||